000 00555nam a22001937a 4500
005 20251108171034.0
008 250721s1997 xx 000 0 ara d
082 1 4 _a793.73/شرب
100 1 _aشربل، رينا موريس
245 1 0 _aإختبر ذكائك و نمه /
250 _aط2.
264 1 _aبيروت :
_bعالم الكتب للطباعه و النشر و التوزيع،
_c1997.
300 _a152ص
490 0 _aالمعرفه
650 1 7 _aالالعاب
650 1 7 _aالتسلية
942 _2ddc
_cREF
999 _c55029
_d55029